00884cam a22003017 4500001000800000003000900008005001700017007000800034008004000042015000600082017000900088020001500097035000600112040002500118041001100143080000600154082001800160100002600178240005500204245012500259260003800384300001900422490002900441650002000470700002600490700003700516830002900553 426156DO-SdBNP20180125132710.0 426156080513s1999 sp | |||| 000 1 spa  a  a b  a8422682214 a  aBPSMUbspacBPMSUe 1 aspah  a  a823.91bR884c1 aRowling, J. K.d1965-10aHarry Potter and the chamber of secretslEspañol10aHarry Potter y la cámara secreta /h cJ. K. Rowling ; traducción, Adolfo Muñoz García y Nieves Martín Azofra  aBarcelona :bEditores S. A,c1999 a344 p.;c22 cm0 aCírculo de lectoresv  aNOVELA INGLESA  aMuñoz, Adolfoetr.  a Martín Azofra, Nieves, etr.  aCírculo de lectoresv